000
00234nam a2200085Ia 4500
008
220204s9999 xx 000 0 und d
082
_a
331:331.5(540)
_b
REP;1
245
0
_a
Report of the study group on employment and training
942
_c
BK
999
_c
22011
_d
22011